Statistics for The 59 countries bigger than Calfornia

Click here to take the quiz!

General Stats

  • This quiz has been taken 27 times
  • The average score is 54 of 59

Answer Stats

HintAnswer% Correct
2,780,400Argentina
100%
7,692,024Australia
100%
8,515,767Brazil
100%
9,984,670Canada
100%
3,287,263India
100%
1,904,569Indonesia
100%
2,724,900Kazakhstan
100%
1,964,375Mexico
100%
1,267,000Niger
100%
923,768Nigeria
100%
17,098,242Russia
100%
1,246,700Angola
96%
1,284,000Chad
96%
9,706,961China
96%
1,141,748Colombia
96%
2,344,858Democratic Republic of the Congo
96%
1,002,450Egypt
96%
1,104,300Ethiopia
96%
551,695France
96%
1,240,192Mali
96%
825,615Namibia
96%
1,221,037South Africa
96%
505,600Spain
96%
1,861,484Sudan
96%
450,295Sweden
96%
513,120Thailand
96%
783,562Turkey
96%
603,500Ukraine
96%
9,372,610United States
96%
447,400Uzbekistan
96%
2,381,741Algeria
92%
581,730Botswana
92%
756,096Chile
92%
1,648,195Iran
92%
438,317Iraq
92%
1,759,540LIbya
92%
1,030,700Mauritania
92%
1,564,110Mongolia
92%
881,912Pakistan
92%
1,285,216Peru
92%
2,149,690Saudi Arabia
92%
652,230Afghanistan
88%
580,367Kenya
88%
446,550Morocco
88%
801,590Mozambique
88%
945,087Tanzania
88%
488,100Turkmenistan
88%
1,098,581Bolivia
83%
587,041Madagascar
83%
676,578Myanmar
83%
644,329South Sudan
83%
916,445Venezuela
83%
2,166,066Denmark
79%
637,657Somalia
79%
752,612Zambia
79%
475,442Cameroon
75%
622,984Central African Republic
71%
462,840Papua New Guinea
71%
527,968Yemen
67%

Score Distribution

Percentile by Number Answered

Percent of People with Each Score

Your Score History

You have not taken this quiz